00542nam a22001697a 450000500170000001000150001702000260003203500130005803700130007108200100008410000260009424500870012026000400020727000510024730000240029850000500032220140728115102.0 aENG-110012 c750.00a9788188865574 aEN-93545 bDBAD/PUB a658.3 aSamantaray, Sudhir K.00aUnderstanding human resource :cby Sudhir K. Samantaraybmanagement perspectives / aDelhibGagandeep Publicationsc2014 a212, Krishna Gali No.2, MaujpurbDelhie110053 ax,213p. c22cm(Hb) aIncludes bibliographical references and index